00585nam a22001817a 450000500170000002000200001704000350003708200160007210000130008824501210010126000380022230000270026054600090028765000270029665000280032365000390035170000130039020251006145550.0 aN/AcTZS 6000/= aMCCLbeng.eAACR 2nd. rev. ed. a346.066 JAI aJain,D.P aCompany Law and Secretarial Practices :c A textbook for B.Com.Part II Students of M.D.U.Rohtak and K.U. Kurukshetra aNew Delhi :bGagan Kapur,cc2011. a 484 p. :cill.;b22cm aeng. aCompany LawzNew Delhi aShareholders of Company aCompany Correspondence and Reports aJain,D.P